The index of economic-mindedness. (Record no. 85122)

MARC details
000 -LEADER
fixed length control field 00964cam a22002771 4500
001 - CONTROL NUMBER
control field sa 68013461
003 - CONTROL NUMBER IDENTIFIER
control field DLC
005 - DATE AND TIME OF LATEST TRANSACTION
control field 20260227112622.0
008 - FIXED-LENGTH DATA ELEMENTS--GENERAL INFORMATION
fixed length control field 711115s1967 io b 000 0 eng
010 ## - LIBRARY OF CONGRESS CONTROL NUMBER
LC control number sa 68013461
025 ## - OVERSEAS ACQUISITION NUMBER
Overseas acquisition number PL480:Indo-7050
040 ## - CATALOGING SOURCE
Original cataloging agency DLC
Transcribing agency DLC
Modifying agency DLC
043 ## - GEOGRAPHIC AREA CODE
Geographic area code a-io---
050 00 - LIBRARY OF CONGRESS CALL NUMBER
Classification number HD2085.S75
Item number P47
082 00 - DEWEY DECIMAL CLASSIFICATION NUMBER
Classification number 338.1/0992/1
100 1# - MAIN ENTRY--PERSONAL NAME
Personal name Penny, David Harry.
245 14 - TITLE STATEMENT
Title The index of economic-mindedness.
260 ## - PUBLICATION, DISTRIBUTION, ETC.
Place of publication, distribution, etc. Bogor,
Name of publisher, distributor, etc. Panitia Seksi Dokumentasi, Survey Agro Ekonomi,
Date of publication, distribution, etc. 1967.
300 ## - PHYSICAL DESCRIPTION
Extent 7 p.
Dimensions 32 cm.
500 ## - GENERAL NOTE
General note "Kutipan dari The transition from subsistence to commercial family farming in North Sumatra."
504 ## - BIBLIOGRAPHY, ETC. NOTE
Bibliography, etc. note Bibliography: p. 7.
650 #0 - SUBJECT ADDED ENTRY--TOPICAL TERM
Topical term or geographic name entry element Agriculture
General subdivision Economic aspects
Geographic subdivision Indonesia
-- Sumatra.
650 #0 - SUBJECT ADDED ENTRY--TOPICAL TERM
Topical term or geographic name entry element Farmers
Geographic subdivision Indonesia
-- Sumatra.
650 #0 - SUBJECT ADDED ENTRY--TOPICAL TERM
Topical term or geographic name entry element Villages
Geographic subdivision Indonesia
-- Sumatra.
700 1# - ADDED ENTRY--PERSONAL NAME
Personal name Penny, David Harry.
Title of a work Transition from subsistence to commercial family farming in North Sumatra.

No items available.

Powered by Koha